000 01545nam0a2200337 4500
001 RU\NLR\bibl\1482331
005 20250616005908.0
010 _a978-5-7889-0154-1
_9100
021 _aRU
_b2009-109600
_96979
035 _a(nilc)RSL-KNO-004568169
035 _a(NLR Aleph) 001473966
090 _a1661373
_c1661373
100 _a20100114d2009 |||y0rusy50 ca
101 0 _arus
102 _aRU
105 _aa |||||||||
200 1 _aМетодика расследования фальшивомонетничества
_eучебное пособие
_fО.А. Суров
_gФедер. гос. образоват. учреждение высш. проф. образования "Сиб. юрид. ин-т М-ва внутр. дел Рос. Федерации (г. Красноярск)"
210 _aКрасноярск
_cСибЮИ МВД России
_d2009
215 _a110 с.
_cцв. ил.
_d20
320 _aБиблиогр.: с. 108-110 (20 назв.) и в подстроч. прим.
606 1 _aФальшивомонетничество
_jУчебные издания
_xРасследование
_yРоссийская Федерация
_92587784
_3RU\NLR\auth\661529444
686 _aХ629.431.122.3я73-1
_2rubbk
686 _aХ629.431.1я7
700 1 _aСуров
_bО. А.
_gОлег Александрович
_4070
801 0 _aRU
_bRuMoRGB
_c20100114
_grcr
801 1 _aRU
_bRuMoRGB
_c20100114
801 2 _aRU
_bNLR
_c20100309
_grcr
830 _aавт. по кн.
942 _cBOOK
980 _aNB